Uplatnenie amerického a japonského riadenia výroby

Salvato in:
Dettagli Bibliografici
Autore principale: Kačír, Klement
Natura: Libro
Lingua:slovacco
Pubblicazione: Bratislava Alfa 1991
Edizione:1. vyd.
Tags: Aggiungi Tag
Nessun Tag, puoi essere il primo ad aggiungerne!!

MARC

LEADER 00000nam a2200000 4500
001 c024506
005 20221214095136.6
041 0 |a slo 
044 |a SK 
245 1 0 |a Uplatnenie amerického a japonského riadenia výroby  |c Klement Kačír 
250 |a 1. vyd. 
264 1 |a Bratislava  |b Alfa  |c 1991 
300 |a 222 s. 
100 1 |a Kačír, Klement